Petit Bac: Les Pokémon de type Combat. - Statistiques

Statistiques générales
  • Ce quiz a été pris 371 fois
  • Le résultat moyen est 15 sur 22
Statistiques - réponses
Lettre Pokémon % Correct
M Mackogneur / Machoc / Machopeur / Makuhita / Marshadow / Méditikka / Meloetta / Mewtwo / Mouscoto
98%
C Canarticho / Cancrelove / Chapignon / Charmina / Charpenti / Chelours / Chimpenfeu / Cobaltium / Coatox / Colossinge / Courrousinge / Crabagarre / Crabominable / Cradopaud
94%
K Kapoera / Karaclée / Keldeo / Kiclee / Koraidon / Krakos / Kungfouine
94%
T Tartard / Tauros / Terrakium / Tygnon
92%
B Baggaïd / Baggiguane / Bétochef / Blindépique / Braségali / Brutalibré
88%
S Scarhino / Shaofouine / Shifours / Simiabraz
86%
L Lockpin / Lucario
81%
R Rampe-Ailes /Riolu / Roitiflam
80%
F Farfuret / Farfurex / Félicanis / Férosinge / Flamenroule / Fort-Ivoire / Fragilady
78%
G Galifeu / Gallame / Garde-de-Fer / Grotichon
75%
H Hariyama / Hexadron
75%
J Judokrak
69%
D Débugant
67%
P Palmaval / Palarticho / Pandarbare / Pandespiègle / Paume-de-Fer / Pohmarmotte / Pohmotte / Poulpaf
63%
O Ouvrifier
60%
V Viridium
55%
W Wushours
49%
E Ecaïd / Ekaïser / Electhor
42%
Z Zamazenta
42%
A Arceus / Archéduc
39%
Q Quartermac
38%
N Nounourson
29%
Aucun quiz correspondant
Distribution des résultats
% des personnes avec chaque résultat
Percentile par nombre de réponses
Votre historique - résultats
Vous n’avez pas pris ce quiz